Aprendo porque quiero. El Aprendizaje Basado en Proyectos (ABP), paso a paso
Saved in:
| Main Author: | |
|---|---|
| Format: | Book |
| Language: | Spanish |
| Published: |
Madrid, España.
SM,
2015
|
| Series: | Biblioteca Innovación Educativa
|
| Subjects: | |
| Tags: |
Add Tag
No Tags, Be the first to tag this record!
|
MARC
| LEADER | 00000cam a2200000 a 4500 | ||
|---|---|---|---|
| 001 | UCC8537 | ||
| 003 | CL-VaPUC | ||
| 005 | 20211012101014.0 | ||
| 008 | 190712e20150000sp |||||||||||||||||spa|d | ||
| 999 | |c 374821 |d 374819 | ||
| 020 | |a 9788467585742 | ||
| 040 | |c Pontificia Universidad Católica de Valparaíso | ||
| 082 | 0 | 4 | |a 370.1523 VER 2015 |2 21 |
| 100 | 0 | |a Vergara Ramírez, Juan José |e author |9 65 | |
| 245 | 1 | 0 | |a Aprendo porque quiero. |b El Aprendizaje Basado en Proyectos (ABP), paso a paso |
| 260 | |a Madrid, España. |b SM, |c 2015 | ||
| 300 | |a 243 páginas | ||
| 440 | |a Biblioteca Innovación Educativa |9 857287 | ||
| 583 | |a last modification |c 20190712 00:10:00 |k Rodrigo Vera | ||
| 650 | 0 | |a Aprendizaje |9 254827 | |
| 650 | 0 | |a Métodos de enseñanza |9 270413 | |
| 650 | 0 | |a Innovaciones pedagógicas |9 307471 | |
| 852 | |a BIBCUR | ||
| 942 | |c BK |2 ddc | ||
| 945 | |d 20190712 00:10:00 |a dcastane | ||
| 952 | |0 0 |1 0 |3 erb |4 0 |6 370_152300000000000_VER_2015 |7 0 |8 A |9 493543 |a BIBEDU |b BIBEDU |d 2019-07-08 |e 11 |g 82000.00 |i 5555140 |o 370.1523 VER 2015 |p 5555140 |r 2019-11-24 |v 82000.00 |w 2019-11-24 |y BK |z Catalogado en:20190712 |k EPE | ||
| 952 | |0 0 |1 0 |3 erb |4 0 |6 370_152300000000000_VER_2015 |7 0 |8 A |9 493544 |a BIBEDU |b BIBEDU |d 2019-07-08 |e 11 |g 82000.00 |i 5555124 |l 2 |o 370.1523 VER 2015 |p 5555124 |r 2024-10-16 |s 2024-10-16 |v 82000.00 |w 2019-11-24 |y BK |z Catalogado en:20190712 |k EPE | ||
| 952 | |0 0 |1 0 |3 erb |4 0 |6 370_152300000000000_VER_2015 |7 0 |8 A |9 493545 |a BIBEDU |b BIBEDU |d 2019-07-08 |e 11 |g 82000.00 |i 5555132 |l 3 |o 370.1523 VER 2015 |p 5555132 |r 2021-07-22 |s 2021-07-15 |v 82000.00 |w 2019-11-24 |y BK |z Catalogado en:20190712 |k EPE | ||
| 952 | |0 0 |1 0 |3 erb |4 0 |6 370_152300000000000_VER_2015 |7 0 |8 ? |9 493546 |a BIBHIS |b BIBHIS |d 2019-10-15 |e 78 |g 16000.00 |i 5564190 |o 370.1523 VER 2015 |p 5564190 |r 2025-01-20 |v 16000.00 |w 2019-11-24 |y BK |z Catalogado en:20191018 |k HIS | ||